<?xml version="1.0" encoding="UTF-8"?>
<record
    xmlns:xsi="http://www.w3.org/2001/XMLSchema-instance"
    xsi:schemaLocation="http://www.loc.gov/MARC21/slim http://www.loc.gov/standards/marcxml/schema/MARC21slim.xsd"
    xmlns="http://www.loc.gov/MARC21/slim">

  <leader>00723nam a22002177a 4500</leader>
  <controlfield tag="005">20240809172928.0</controlfield>
  <datafield tag="010" ind1=" " ind2=" ">
    <subfield code="a">B-159869</subfield>
  </datafield>
  <datafield tag="020" ind1=" " ind2=" ">
    <subfield code="c">950.00</subfield>
    <subfield code="a">8188583758</subfield>
  </datafield>
  <datafield tag="035" ind1=" " ind2=" ">
    <subfield code="a">B-159869   B-159881</subfield>
  </datafield>
  <datafield tag="037" ind1=" " ind2=" ">
    <subfield code="b">Cen Lib/Ret</subfield>
  </datafield>
  <datafield tag="082" ind1=" " ind2=" ">
    <subfield code="a">954.35</subfield>
    <subfield code="b">BEA</subfield>
  </datafield>
  <datafield tag="245" ind1=" " ind2=" ">
    <subfield code="a">The beautiful India : Andhra Pradesh </subfield>
    <subfield code="c">edited by S.A.Rahman</subfield>
  </datafield>
  <datafield tag="260" ind1=" " ind2=" ">
    <subfield code="a">New Delhi</subfield>
    <subfield code="b">Reference Press</subfield>
    <subfield code="c">2005</subfield>
  </datafield>
  <datafield tag="270" ind1=" " ind2=" ">
    <subfield code="b">New Delhi</subfield>
    <subfield code="a">4831/24, Ansari Road, Darya Ganj</subfield>
    <subfield code="e">110002</subfield>
  </datafield>
  <datafield tag="300" ind1=" " ind2=" ">
    <subfield code="a">xii,446p.</subfield>
    <subfield code="c">22cm(Hb)</subfield>
  </datafield>
  <datafield tag="500" ind1=" " ind2=" ">
    <subfield code="a">Includes bibliographical references</subfield>
  </datafield>
  <datafield tag="650" ind1=" " ind2=" ">
    <subfield code="a">Andhra Pradesh (India) </subfield>
    <subfield code="9">69857</subfield>
  </datafield>
  <datafield tag="650" ind1=" " ind2=" ">
    <subfield code="a">Language and literature of Andhra Pradesh</subfield>
    <subfield code="9">69858</subfield>
  </datafield>
  <datafield tag="700" ind1=" " ind2=" ">
    <subfield code="a">S.A.Rahman</subfield>
    <subfield code="9">28212</subfield>
  </datafield>
  <datafield tag="942" ind1=" " ind2=" ">
    <subfield code="2">ddc</subfield>
    <subfield code="c">EN</subfield>
    <subfield code="h">954.35</subfield>
    <subfield code="m">BEA</subfield>
  </datafield>
  <datafield tag="999" ind1=" " ind2=" ">
    <subfield code="c">130377</subfield>
    <subfield code="d">130377</subfield>
  </datafield>
  <datafield tag="952" ind1=" " ind2=" ">
    <subfield code="0">0</subfield>
    <subfield code="1">0</subfield>
    <subfield code="4">0</subfield>
    <subfield code="7">0</subfield>
    <subfield code="a">L</subfield>
    <subfield code="b">L</subfield>
    <subfield code="d">2015-07-09</subfield>
    <subfield code="e">Cen Lib/Ret</subfield>
    <subfield code="g">950.00</subfield>
    <subfield code="l">2</subfield>
    <subfield code="m">1</subfield>
    <subfield code="o">954.35 BEA</subfield>
    <subfield code="p">B-159869</subfield>
    <subfield code="r">2025-06-03 00:00:00</subfield>
    <subfield code="s">2025-05-28</subfield>
    <subfield code="t">1</subfield>
    <subfield code="v">950.00</subfield>
    <subfield code="w">2015-07-09</subfield>
    <subfield code="y">EN</subfield>
  </datafield>
  <datafield tag="952" ind1=" " ind2=" ">
    <subfield code="0">0</subfield>
    <subfield code="1">0</subfield>
    <subfield code="4">0</subfield>
    <subfield code="7">0</subfield>
    <subfield code="a">L</subfield>
    <subfield code="b">L</subfield>
    <subfield code="d">2015-07-28</subfield>
    <subfield code="e">Cen Lib/Ret</subfield>
    <subfield code="g">950.00</subfield>
    <subfield code="l">0</subfield>
    <subfield code="o">954.35 BEA</subfield>
    <subfield code="p">B-159870</subfield>
    <subfield code="r">2015-07-28 00:00:00</subfield>
    <subfield code="t">2</subfield>
    <subfield code="v">950.00</subfield>
    <subfield code="w">2015-07-28</subfield>
    <subfield code="y">EN</subfield>
  </datafield>
  <datafield tag="952" ind1=" " ind2=" ">
    <subfield code="0">0</subfield>
    <subfield code="1">0</subfield>
    <subfield code="4">0</subfield>
    <subfield code="7">0</subfield>
    <subfield code="8">NFIC</subfield>
    <subfield code="a">RC</subfield>
    <subfield code="b">RC</subfield>
    <subfield code="d">2018-11-17</subfield>
    <subfield code="g">950.00</subfield>
    <subfield code="l">0</subfield>
    <subfield code="o">954.35 BEA</subfield>
    <subfield code="p">B-159881</subfield>
    <subfield code="r">2018-11-17 00:00:00</subfield>
    <subfield code="v">950.00</subfield>
    <subfield code="w">2018-11-17</subfield>
    <subfield code="y">EN</subfield>
  </datafield>
  <datafield tag="952" ind1=" " ind2=" ">
    <subfield code="0">0</subfield>
    <subfield code="1">0</subfield>
    <subfield code="4">0</subfield>
    <subfield code="7">0</subfield>
    <subfield code="8">NFIC</subfield>
    <subfield code="a">ZLS</subfield>
    <subfield code="b">ZLS</subfield>
    <subfield code="d">2019-02-07</subfield>
    <subfield code="l">0</subfield>
    <subfield code="o">954.35 BEA</subfield>
    <subfield code="p">B-159874</subfield>
    <subfield code="r">2019-02-07 00:00:00</subfield>
    <subfield code="w">2019-02-07</subfield>
    <subfield code="y">EN</subfield>
  </datafield>
  <datafield tag="952" ind1=" " ind2=" ">
    <subfield code="0">0</subfield>
    <subfield code="1">0</subfield>
    <subfield code="4">0</subfield>
    <subfield code="7">0</subfield>
    <subfield code="8">NFIC</subfield>
    <subfield code="a">ZLS</subfield>
    <subfield code="b">ZLS</subfield>
    <subfield code="d">2019-02-07</subfield>
    <subfield code="l">0</subfield>
    <subfield code="o">954.35 BEA</subfield>
    <subfield code="p">B-159882</subfield>
    <subfield code="r">2019-02-07 00:00:00</subfield>
    <subfield code="w">2019-02-07</subfield>
    <subfield code="y">EN</subfield>
  </datafield>
  <datafield tag="952" ind1=" " ind2=" ">
    <subfield code="0">0</subfield>
    <subfield code="1">0</subfield>
    <subfield code="4">0</subfield>
    <subfield code="7">0</subfield>
    <subfield code="8">NFIC</subfield>
    <subfield code="a">ZLS</subfield>
    <subfield code="b">ZLS</subfield>
    <subfield code="d">2024-08-09</subfield>
    <subfield code="g">950.00</subfield>
    <subfield code="l">1</subfield>
    <subfield code="m">1</subfield>
    <subfield code="o">954.35 BEA</subfield>
    <subfield code="p">B-159879</subfield>
    <subfield code="r">2024-09-06 00:00:00</subfield>
    <subfield code="s">2024-08-09</subfield>
    <subfield code="v">950.00</subfield>
    <subfield code="w">2024-08-09</subfield>
    <subfield code="y">EN</subfield>
  </datafield>
</record>
